000 01188cam a2200349 a 4500
001 3481162
003 SISC
005 20160404143121.0
008 931115s1993 nyud 000 0 eng d
010 _a 93231496
020 _a0446365041
035 _a(OCoLC)27648308
040 _aICvR
_cICvR
_dMnSP
_dDLC
042 _alccopycat
050 0 0 _aHG 4636
_b.P287 1993
082 0 0 _aHG 4636
_b.P287 1993
100 1 _aPassell, Peter.
_911709
245 1 0 _aHow to read the financial pages /
_cPeter Passell.
250 _aRev. ed.
260 _aNew York :
_bWarner Books,
_cc1993.
300 _a145 p. :
_c18 cm.
650 0 _aFinancial quotations.
_911710
650 0 _aStock quotations.
_911711
650 0 _aStock price indexes.
_911712
650 0 _aNewspapers
_xSections, columns, etc.
_xFinance.
_911713
856 7 _3Table of contents
_uhttp://lcweb.loc.gov/catdir/toc/93-231496.html
_2http
856 4 2 _3Publisher description
_uhttp://www.loc.gov/catdir/enhancements/fy1117/93231496-d.html
906 _a7
_bcbc
_ccopycat
_d3
_encip
_f19
_gy-gencatlg
942 _2lcc
_cBK
999 _c8895
_d8895